000 00245nam a2200109Ia 4500
008 190216s9999||||xx |||||||||||||| ||und||
100 _aAswathappa
245 0 _aEssentials Of Business Enviornment
260 _bNull
300 _a414p
942 _cBK
999 _c5385
_d5385